Digital certificates : applied Internet security (Record no. 5618)

MARC details
000 -LEADER
fixed length control field 00581nam a2200181Ia 4500
003 - CONTROL NUMBER IDENTIFIER
control field SGT
020 ## - INTERNATIONAL STANDARD BOOK NUMBER
International Standard Book Number 9780201309805
082 ## - DEWEY DECIMAL CLASSIFICATION NUMBER
Classification number 5.8
Item number FEG
100 ## - MAIN ENTRY--PERSONAL NAME
Personal name Feghhi, Jalal
245 ## - TITLE STATEMENT
Title Digital certificates : applied Internet security
260 ## - PUBLICATION, DISTRIBUTION, ETC. (IMPRINT)
Name of publisher, distributor, etc Addison Wesley
Place of publication, distribution, etc New Yark
Year of Publication 1998
300 ## - PAGE DESCRIPTION
No. of Pages 453p.
650 ## - SUBJECT ADDED ENTRY--TOPICAL TERM
Topical term or geographic name as entry element COMPUTER SCIENCE
653 ## - KEYWORDS--INDEX TERM
Keyword term SECURITY,CRYPTOGRAPHY,AND DIGITAL CERTIFICATES, APPLIED INTERNET SECURITY, SECURITY MANAGEMENT PRACTICE, THE TRUST DILEMMA, WEB SECURITY AND CERTIFICATES,
700 ## - ADDED ENTRY--PERSONAL NAME
Personal name Feghhi, Jalil,
700 ## - ADDED ENTRY--PERSONAL NAME
Personal name Williams, Peter,
942 ## - ADDED ENTRY ELEMENTS (KOHA)
Source of classification or shelving scheme Dewey Decimal Classification
Koha item type Books
Holdings
Withdrawn status Lost status Source of classification or shelving scheme Damaged status Use restrictions Not for loan Collection code Home library Current library Shelving location Date acquired SGTU Full call number Accession No. (Barcode) Date last seen Bill Date Koha item type
    Dewey Decimal Classification   Restricted Access Not For Loan ENGINEERING SGT Engineering Library SGT Engineering Library Reference Book 17/09/2013 SGTU 5.8 FEG FE6171 09/02/2015 09/02/2015 Books